Tendencias de la mortalidad por cáncer en niños y adolescentes según grado de marginación en México (1990-2009) /
El objetivo fundamental del siguiente artículo es determinar la tendencia de la mortalidad por cáncer en niños y adolescentes por nivel de marginación en México. Como parte de la evaluación y diagnóstico de dichas condiciones, se concluye que el incremento en la mortalidad correspondiente a los esta...
Đã lưu trong:
| Tác giả chính: | |
|---|---|
| Tác giả khác: | , , , |
| Định dạng: | Texto |
| Những chủ đề: | |
| Các nhãn: |
Thêm thẻ
Không có thẻ, Là người đầu tiên thẻ bản ghi này!
|
MARC
| LEADER | 00000 a a2200000 04500 | ||
|---|---|---|---|
| 001 | 46308 | ||
| 003 | |||
| 040 | |||
| 100 | |a Escamilla-Santiago, Ricardo Antonio | ||
| 245 | |a Tendencias de la mortalidad por cáncer en niños y adolescentes según grado de marginación en México (1990-2009) / |c Ricardo Antonio Escamilla-Santiago, José Narro-Robles, Arturo Fajardo-Gutiérrez, Ramón Alberto Rascón-Pacheco, Malaquías López-Cervantes | ||
| 520 | |a El objetivo fundamental del siguiente artículo es determinar la tendencia de la mortalidad por cáncer en niños y adolescentes por nivel de marginación en México. Como parte de la evaluación y diagnóstico de dichas condiciones, se concluye que el incremento en la mortalidad correspondiente a los estados de alta y muy alta marginalidad puede explicarse por un mejor registro. | ||
| 590 | |a RRH/JUNIO2014 | ||
| 650 | |a MORTALIDAD INFANTIL | ||
| 650 | |a DESIGUALDAD SOCIAL | ||
| 650 | |a SALUD | ||
| 650 | |a CANCER | ||
| 650 | |a NIÑOS | ||
| 650 | |a ADOLESCENTES | ||
| 650 | |a EXCLUSION SOCIAL | ||
| 650 | |a MEXICO | ||
| 700 | |a Narro-Robles, José | ||
| 700 | |a Fajardo-Gutiérrez, Arturo | ||
| 700 | |a Rascón-Pacheco, Ramón Alberto | ||
| 700 | |a López-Cervantes, Malaquías | ||
| 773 | |g volumen54, número6 (2012), páginas 587-594 : tablas, gráficos | ||
| 999 | |c 25502 |d 25502 | ||
